000 00854nam a2200253 i 4500
001 18361
003 DO-SdUEMH
005 20260127205927.0
007 ta
008 260127s1998 dr |||gr|||| 00| 0 spa d
040 _aDO-SdUEMH
_bspa
_erda
041 _aspa
082 1 4 _mRD
_bA162
100 1 _eaut
245 _aRecopilación de Leyes Sobre Jurisdicción Voluntaria /
_cRhadys Abreu de Polanco
264 1 _aSanto Domingo, República Dominicana :
_bTalleres de Servicios Gráficos Integrados,
_c1998
264 4 _c©1998
300 _a166 páginas :
_c20 cm.
336 _2rdacontent
_atexto
_btxt
337 _2rdamedia
_asin mediación
_bn
338 _2rdacarrier
_avolumen
_bnc
505 2 _aArgentina -- Canadá -- Colombia -- Costa Rica -- Cuba -- Ecuador -- El Salvador -- España -- Guatemala -- Perú -- Puerto Rico.
942 _2ddc
_cBK
_n0
999 _c18361
_d18361